Normal view MARC view
  • Txitxinadze, Aleksei Vissarionovitx,

Entry Nom personal

Number of records used in: 1

001 - NÚMERO DE CONTROL

  • campo de control: 168384

003 - IDENTIFICADOR DEL NÚMERO DE CONTROL

  • campo de control: ES-BaIT

005 - FECHA Y HORA DE LA ÚLTIMA TRANSACCIÓN

  • campo de control: 20260209124723.0

008 - DATOS DE LONGITUD FIJA

  • campo de control de longitud fija: 260209|| aca||aabn | a|a d

040 ## - FUENTE DE LA CATALOGACIÓN

  • Centro catalogador/agencia de origen: ES-BaIT

100 1# - ENCABEZAMIENTO-NOMBRE DE PERSONA

  • Nombre de persona: Txitxinadze, Aleksei Vissarionovitx,
  • Fechas asociadas al nombre: 1921-

400 1# - TRAZADO DE VÉASE--NOMBRE DE PERSONA

  • Nombre de persona: Chichinadze, Alekseĭ Vissarionovich,
  • Fechas asociadas al nombre: 1921-

670 ## - FUENTE DE DATOS ENCONTRADOS

  • Cita de la fuente: LC/NAF, 9 febrer 2026
  • Información encontrada: (enc: Chichinadze, Alekseĭ Vissarionovich, 1921-)

Powered by Koha